सफलता ही सफलता कैसे / (Record no. 200045)

MARC details
000 -LEADER
fixed length control field 00775nam a22001817a 4500
005 - DATE AND TIME OF LATEST TRANSACTION
control field 20240109120537.0
010 ## - LCCN (DPL NO)
LC control number HIN-126683
020 ## - INTERNATIONAL STANDARD BOOK NUMBER
International Standard Book Number 9789392684173
Terms of availability 795.00
035 ## - SYSTEM CONTROL NUMBER
System control number HN-99029
037 ## - SOURCE OF ACQUISITION
Source of stock number/acquisition DBAD/PUB
082 ## - DEWEY DECIMAL CLASSIFICATION NUMBER
Classification number 158.1
100 ## - MAIN ENTRY--PERSONAL NAME
Personal name चक्र, राकेश
245 ## - TITLE STATEMENT
Title सफलता ही सफलता कैसे /
260 ## - PUBLICATION, DISTRIBUTION, ETC. (IMPRINT)
Place of publication, distribution, etc दिल्ली
Name of publisher, distributor, etc बुक ट्री पब्लिशिंग हाउस
Date of publication, distribution, etc 2023
270 ## - ADDRESS
Address आत्माराम बिल्डिंग , 1376, कश्मीरी गेट, इंडियन बैंक के पीछे
City दिल्ली
Postal code 110006
300 ## - PHYSICAL DESCRIPTION
Extent 256 पृ.;
Dimensions 23 सेमी.(सजिल्द)
942 ## - ADDED ENTRY ELEMENTS (KOHA)
Source of classification or shelving scheme Dewey Decimal Classification
Item type Hindi Books
Classification part 158.1
Call number suffix चक्र
Holdings
Withdrawn status Lost status Not for loan Collection code Home library Current library Date acquired Source of acquisition Cost, normal purchase price Full call number Barcode Copy number Cost, replacement price Koha item type
      Non-fiction Sarojini Nagar Sarojini Nagar 09/01/2024 DBAD/PUB 795.00 158.1 चक्र HN-99029 1 795.00 Hindi Books

© Delhi Public Library
Hit Counter
free hit counter